5HLuxD.jpg

KING HENRY VIII SENIOR AND PRIMARY SCHOOL LIBRARY OPAC

One smart fish / (Record no. 4005)

000 -LEADER
fixed length control field 01171cam a2200289 a 4500
001 - CONTROL NUMBER
control field 000804891
003 - CONTROL NUMBER IDENTIFIER
control field OSt
005 - DATE AND TIME OF LATEST TRANSACTION
control field 20241205114627.0
008 - FIXED-LENGTH DATA ELEMENTS--GENERAL INFORMATION
fixed length control field 161014r20112010enka c 000 1 eng d
020 ## - INTERNATIONAL STANDARD BOOK NUMBER
International Standard Book Number 9781862306523
Qualifying information (pbk.) :
040 ## - CATALOGING SOURCE
Transcribing agency NTL
Modifying agency KH8
042 ## - AUTHENTICATION CODE
Authentication code nbic
082 0# - DEWEY DECIMAL CLASSIFICATION NUMBER
Classification number 823.92 WOR
100 1# - MAIN ENTRY--PERSONAL NAME
Personal name Wormell, Christopher.
Relator term aut.
245 10 - TITLE STATEMENT
Title One smart fish /
Statement of responsibility, etc. Chris Wormell.
260 ## - PUBLICATION, DISTRIBUTION, ETC.
Place of publication, distribution, etc. London :
Name of publisher, distributor, etc. Red Fox,
Date of publication, distribution, etc. c2011.
300 ## - PHYSICAL DESCRIPTION
Extent 1 volume (unpaged) :
Other physical details color illustrations ;
Dimensions 26 cm.
336 ## - CONTENT TYPE
Content type term text
Content type code txt
Source rdacontent.
337 ## - MEDIA TYPE
Media type term unmediated
Media type code n
Source rdamedia.
338 ## - CARRIER TYPE
Carrier type term volume
Carrier type code nc
Source rdacarrier.
500 ## - GENERAL NOTE
General note Originally published: London: Jonathan Cape, 2010.
520 ## - SUMMARY, ETC.
Summary, etc. Long ago in the deep ocean, there lived ... one smart fish! He wasn't the biggest and he wasn't the boldest, but he was the cleverest. What this smart fish wanted more than anything else was to walk upon the land. But everyone knows that fish can't walk ... can they?
650 #0 - SUBJECT ADDED ENTRY--TOPICAL TERM
Topical term or geographic name entry element Fishes
Form subdivision Pictorial works
-- Juvenile fiction.
650 #0 - SUBJECT ADDED ENTRY--TOPICAL TERM
Topical term or geographic name entry element Reptiles
General subdivision Evolution
Form subdivision Pictorial works
-- Juvenile fiction.
650 #0 - SUBJECT ADDED ENTRY--TOPICAL TERM
Topical term or geographic name entry element Children's stories
Form subdivision Pictorial works.
942 ## - ADDED ENTRY ELEMENTS (KOHA)
Source of classification or shelving scheme
Koha item type Books - Non Ficton
Holdings
Withdrawn status Lost status Source of classification or shelving scheme Damaged status Not for loan Collection code Permanent Location Current Location Shelving location Date acquired Total Checkouts Full call number Barcode Date last seen Date last checked out Price effective from Koha item type
          Non-Fiction KH8 Primary School Library KH8 Primary School Library Non Fiction 2024-12-05 3 823.92 WOR KHPL000004701 2026-03-10 2026-03-03 2024-12-05 Books - Non Ficton

Powered By KH8 IT Dept